[Event "XII Open A"]
[Site "Verona ITA"]
[Date "2006.01.06"]
[Round "6"]
[White "Lazic, Miroljub"]
[Black "Estremera Panos, Sergio"]
[Result "1-0"]
[WhiteElo "2466"]
[BlackElo "2361"]
[PlyCount "115"]
[EventDate "2006.01.02"]

1.g3 e5 2.Bg2 d5 3.d3 Nc6 4.Nd2 Nf6 5.a3 a5 6.b3 Bc5 7.e3 Bg4 8.Ne2 Qd7 9.
h3 Be6 10.Bb2 O-O 11.Nf3 d4 12.exd4 exd4 13.Nf4 Nd5 14.Nxe6 Qxe6+ 15.Qe2 
Qd6 16.O-O Rfe8 17.Qd2 h6 18.Rfe1 Rxe1+ 19.Qxe1 Kf8 20.Nd2 Re8 21.Ne4 Qd8 
22.Qd1 Bb6 23.Qh5 Nf6 24.Nxf6 Qxf6 25.Be4 Ne5 26.Kg2 c6 27.Re1 Nd7 28.Re2 
Qd6 29.Bf3 Rxe2 30.Bxe2 Nf6 31.Qf5 Qe6 32.Bg4 Qxf5 33.Bxf5 Ne8 34.h4 Nd6 
35.Bh3 Ke7 36.Kf3 Bc5 37.a4 b5 38.c3 bxa4 39.bxa4 f6 40.cxd4 Bb4 41.h5 Ne8
42.Kf4 Be1 43.Ba3+ Bb4 44.Bc1 Nc7 45.Kf5 Nd5 46.Bg2 Kf7 47.Bxd5+ cxd5 48.
Bf4 Bc3 49.Bc7 Bb4 50.g4 Bc3 51.f4 Bd2 52.Bd8 Bc3 53.g5 fxg5 54.fxg5 hxg5 
55.Kxg5 Ke8 56.Bb6 Kf7 57.Kf5 Bd2 58.Ke5 1-0

[Event "XII Open A"]
[Site "Verona ITA"]
[Date "2006.01.06"]
[Round "6"]
[White "Lettieri, Giuseppe"]
[Black "Brunello, Sabino"]
[Result "1/2-1/2"]
[WhiteElo "2260"]
[BlackElo "2301"]
[PlyCount "61"]
[EventDate "2006.01.02"]

1.d4 Nf6 2.Nc3 d5 3.Bg5 c6 4.Qd2 h6 5.Bxf6 exf6 6.e4 dxe4 7.Nxe4 f5 8.Ng3 
Be6 9.Nf3 Nd7 10.Bd3 g6 11.O-O Bg7 12.Ne2 g5 13.d5 Bxd5 14.Nfd4 O-O 15.
Nxf5 Ne5 16.Nxg7 Kxg7 17.Ng3 Nxd3 18.Nf5+ Kh8 19.Qc3+ f6 20.Qxd3 Be6 21.
Qh3 Bxf5 22.Qxf5 Qe7 23.Rfe1 Qf7 24.Rad1 Rad8 25.h3 a6 26.b3 Kg7 27.Rd3 
Rxd3 28.Qxd3 Re8 29.Re3 Rxe3 30.Qxe3 Qd7 31.Qe2 1/2-1/2

[Event "XII Open A"]
[Site "Verona ITA"]
[Date "2006.01.06"]
[Round "6"]
[White "Luciani, Valerio"]
[Black "Facchetti, Gianni"]
[Result "1-0"]
[WhiteElo "2249"]
[BlackElo "2131"]
[PlyCount "95"]
[EventDate "2006.01.02"]

1.d4 Nf6 2.c4 d6 3.Nc3 Nbd7 4.e4 e5 5.Nge2 c6 6.f3 Be7 7.Be3 a6 8.Qd2 b5 
9.Nc1 b4 10.Na4 exd4 11.Bxd4 O-O 12.Nd3 a5 13.Be2 Qc7 14.b3 Rb8 15.O-O Re8
16.g4 Nf8 17.Rae1 N6d7 18.Bf2 Ne5 19.Nf4 Ne6 20.Nh5 Ng5 21.Be3 Ngxf3+ 22.
Rxf3 Nxf3+ 23.Bxf3 g6 24.Ng3 Bf6 25.Rd1 Be5 26.Kg2 Be6 27.Qf2 c5 28.Nb2 
Bd7 29.Nd3 Bg7 30.e5 Bxe5 31.Nxe5 Rxe5 32.Bf4 Re6 33.Bd5 Bc6 34.Qxc5 Bxd5+
35.Qxd5 Rbe8 36.Bxd6 Qc8 37.Rd2 Qa6 38.c5 a4 39.c6 axb3 40.axb3 Rd8 41.Ne4
Rde8 42.Rd4 Qe2+ 43.Nf2 Rf6 44.Rf4 Rxf4 45.Bxf4 Qc2 46.c7 h6 47.Qd7 Ra8 
48.c8=Q+ 1-0

[Event "XII Open A"]
[Site "Verona ITA"]
[Date "2006.01.06"]
[Round "6"]
[White "Miatello, Alberto"]
[Black "Fuggetta, Leonardo"]
[Result "1-0"]
[WhiteElo "2077"]
[BlackElo "2069"]
[PlyCount "73"]
[EventDate "2006.01.02"]

1.e4 c5 2.Nf3 d6 3.d4 cxd4 4.Nxd4 Nf6 5.Nc3 a6 6.Bc4 e6 7.Bb3 Nbd7 8.Bg5 
Qa5 9.Bxf6 Nxf6 10.Qe2 Be7 11.O-O-O Bd7 12.Kb1 O-O 13.f4 e5 14.Nf5 Bxf5 
15.exf5 b5 16.fxe5 dxe5 17.g4 Rac8 18.Nd5 Nxd5 19.Rxd5 Rcd8 20.Rxe5 Bf6 
21.Re4 Rd2 22.Qe1 Qd8 23.a3 Bh4 24.Qe3 Bg5 25.Qf3 h6 26.Qg3 Bh4 27.Qe5 Bf6
28.Qc5 Qd7 29.a4 Rd8 30.h3 Rd1+ 31.Rxd1 Qxd1+ 32.Ka2 Qc1 33.c3 Rd2 34.Qa3 
Bxc3 35.Bxf7+ Kxf7 36.Qe7+ Kg8 37.Qe8+ 1-0

[Event "XII Open A"]
[Site "Verona ITA"]
[Date "2006.01.06"]
[Round "6"]
[White "Naumkin, Igor"]
[Black "Rombaldoni, Denis"]
[Result "0-1"]
[WhiteElo "2456"]
[BlackElo "2292"]
[PlyCount "100"]
[EventDate "2006.01.02"]

1.d4 Nf6 2.c4 e6 3.Nf3 b6 4.g3 Ba6 5.b3 Bb4+ 6.Bd2 Be7 7.Bg2 c6 8.Bc3 d5 
9.Nbd2 O-O 10.O-O Nbd7 11.Qc2 b5 12.c5 b4 13.Bxb4 Qb8 14.Bc3 Bxe2 15.Rfe1 
Bxf3 16.Bxf3 a5 17.Re3 Ne8 18.Rae1 Nc7 19.Be2 e5 20.dxe5 Ne6 21.Nf3 Bxc5 
22.Bd3 Bxe3 23.Bxh7+ Kh8 24.Rxe3 Qe8 25.Bf5 g6 26.Bg4 c5 27.Qd2 d4 28.Re4 
Kg7 29.Bb2 Ra6 30.Bc1 Rh8 31.Qe2 Rb6 32.h4 a4 33.Nd2 axb3 34.axb3 Qa8 35.
Nc4 Rxb3 36.Bxe6 fxe6 37.Kh2 Rf8 38.Nd6 Nxe5 39.Rxe5 Qf3 40.Qxf3 Rbxf3 41.
Rxe6 Rxf2+ 42.Kh3 d3 43.Ne4 Re2 44.h5 gxh5 45.Bh6+ Kg8 46.Bxf8 Rxe4 47.
Rxe4 d2 48.Bxc5 d1=Q 49.Re8+ Kg7 50.Re7+ Kf6 0-1

[Event "XII Open A"]
[Site "Verona ITA"]
[Date "2006.01.06"]
[Round "6"]
[White "Scharrer, Patrick"]
[Black "De Santis, Alessio"]
[Result "1/2-1/2"]
[WhiteElo "2179"]
[BlackElo "2373"]
[PlyCount "34"]
[EventDate "2006.01.02"]

1.e4 e6 2.d3 c5 3.Nf3 Nc6 4.g3 d5 5.Nbd2 Bd6 6.Bg2 Nge7 7.O-O O-O 8.Nh4 
Bd7 9.f4 f5 10.Re1 Rc8 11.Ndf3 h6 12.Kh1 d4 13.Bd2 Be8 14.c4 Bh5 15.exf5 
exf5 16.Re6 Qd7 17.Re1 Rce8 1/2-1/2

[Event "XII Open A"]
[Site "Verona ITA"]
[Date "2006.01.07"]
[Round "7"]
[White "Barberi, Alessandro"]
[Black "Kafka, Graeme"]
[Result "1-0"]
[WhiteElo "2113"]
[BlackElo "2135"]
[PlyCount "53"]
[EventDate "2006.01.02"]

1.d4 d5 2.c4 c6 3.Nf3 Nf6 4.e3 Bf5 5.Be2 e6 6.O-O Nbd7 7.b3 Bd6 8.Bb2 O-O 
9.Nbd2 Re8 10.Ne5 Ne4 11.g4 Nxd2 12.Qxd2 Bxe5 13.dxe5 Bg6 14.cxd5 cxd5 15.
Rac1 Rc8 16.Rxc8 Qxc8 17.Rc1 Qd8 18.Qb4 Qh4 19.Qxb7 Nb6 20.Qxa7 Be4 21.f3 
Bxf3 22.Bxf3 Qh3 23.Rf1 h5 24.Qxb6 Rc8 25.Bg2 Qxg4 26.Qd4 Qg6 27.Rc1 1-0

[Event "XII Open A"]
[Site "Verona ITA"]
[Date "2006.01.07"]
[Round "7"]
[White "Brunello, Sabino"]
[Black "Luciani, Valerio"]
[Result "1-0"]
[WhiteElo "2301"]
[BlackElo "2249"]
[PlyCount "105"]
[EventDate "2006.01.02"]

1.e4 e6 2.d4 d5 3.e5 c5 4.c3 Nc6 5.Nf3 Qb6 6.a3 c4 7.Nbd2 Na5 8.Be2 Bd7 9.
O-O Ne7 10.Rb1 Qc7 11.h4 h6 12.h5 O-O-O 13.Nh4 Kb8 14.g3 Nc8 15.Ng2 Nb6 
16.Ne3 Be7 17.Bg4 f5 18.Bh3 g5 19.hxg6 Rdg8 20.Nf3 h5 21.Ng2 h4 22.Ngxh4 
Qd8 23.Kg2 Ba4 24.Qe2 Nd7 25.Rh1 Nf8 26.Kf1 Be8 27.Bf4 Nb3 28.Bg2 Nxg6 29.
Nxg6 Bxg6 30.Rxh8 Rxh8 31.Qe3 Bh5 32.Ke2 Bg4 33.Rh1 Rxh1 34.Bxh1 a5 35.Kf1
a4 36.Nh2 Bh3+ 37.Bg2 Bxg2+ 38.Kxg2 Bxa3 39.bxa3 Qf8 40.Bh6 Qxa3 41.Nf3 
Qb2 42.Bf8 a3 43.Bxa3 Qxa3 44.Qh6 Qe7 45.Ng5 b5 46.Nxe6 b4 47.cxb4 Qxb4 
48.Nc5 Nxc5 49.Qd6+ Ka7 50.e6 c3 51.e7 c2 52.Qc7+ Ka6 53.e8=Q 1-0

[Event "XII Open A"]
[Site "Verona ITA"]
[Date "2006.01.07"]
[Round "7"]
[White "De Santis, Alessio"]
[Black "Naumkin, Igor"]
[Result "1-0"]
[WhiteElo "2373"]
[BlackElo "2456"]
[PlyCount "51"]
[EventDate "2006.01.02"]

1.Nf3 e6 2.g3 f5 3.Bg2 Nf6 4.O-O Be7 5.c4 O-O 6.Nc3 d6 7.d3 e5 8.Rb1 Qe8 
9.b4 Qh5 10.Nd5 Nxd5 11.cxd5 c6 12.dxc6 Nxc6 13.b5 Nd8 14.a4 Nf7 15.Ba3 f4
16.a5 fxg3 17.fxg3 a6 18.bxa6 Rxa6 19.Rb5 Bd8 20.Qb3 Re8 21.Nd2 Bxa5 22.
Bd5 Rf8 23.Nc4 Bc7 24.Nxe5 Rxa3 25.Nxf7 Rxb3 26.Nh6+ 1-0

[Event "XII Open A"]
[Site "Verona ITA"]
[Date "2006.01.07"]
[Round "7"]
[White "Facchetti, Gianni"]
[Black "Astengo, Corrado"]
[Result "1/2-1/2"]
[WhiteElo "2131"]
[BlackElo "2121"]
[PlyCount "127"]
[EventDate "2006.01.02"]

1.e4 d5 2.exd5 Qxd5 3.Nc3 Qa5 4.d4 Nf6 5.Nf3 Bf5 6.Bc4 c6 7.Bd2 Qc7 8.h3 
e6 9.Nh4 Bg6 10.Nxg6 hxg6 11.Bb3 Nbd7 12.Qf3 Bd6 13.O-O-O O-O-O 14.Kb1 Nb6
15.Rhe1 Rhe8 16.Ne4 Nxe4 17.Rxe4 Nd5 18.c3 Nf6 19.Re2 Qa5 20.Rde1 Qf5+ 21.
Qxf5 gxf5 22.Bg5 Be7 23.Bc2 g6 24.Bb3 Nd5 25.Bxe7 Rxe7 26.Bxd5 Rxd5 27.Re5
Red7 28.Kc2 Kd8 29.h4 Ke7 30.a4 Rd8 31.f4 Rh8 32.g3 Rhd8 33.R1e2 R8d7 34.
a5 a6 35.b4 Rd8 36.Kb3 R8d7 37.Kc4 Rc7 38.Kd3 Rcd7 39.R5e3 Rd8 40.Kc4 R8d7
41.Rh2 Rd8 42.Rd2 R8d7 43.Red3 Rd8 44.Kb3 R5d7 45.c4 Kd6 46.Kc3 Ke7 47.Re3
Rd6 48.Re5 Rc8 49.Rc5 Kd7 50.d5 exd5 51.cxd5 cxd5 52.Rd3 Rcc6 53.Kd4 Ke6 
54.Re3+ Kd7 55.Re5 Re6 56.Rexd5+ Rcd6 57.Rxd6+ Rxd6+ 58.Rd5 Ke6 59.Rxd6+ 
Kxd6 60.Kc4 Kc6 61.Kd4 Kd6 62.Kc4 Kc6 63.Kd4 Kd6 64.Kc4 1/2-1/2

[Event "XII Open A"]
[Site "Verona ITA"]
[Date "2006.01.07"]
[Round "7"]
[White "Fuggetta, Leonardo"]
[Black "Sciortino, Massimo"]
[Result "1-0"]
[WhiteElo "2069"]
[BlackElo "2260"]
[PlyCount "113"]
[EventDate "2006.01.02"]

1.c4 Nf6 2.Nc3 e6 3.g3 d5 4.Bg2 d4 5.Ne4 c5 6.d3 Be7 7.Nf3 Nxe4 8.dxe4 Nc6
9.O-O e5 10.Ne1 Be6 11.b3 g5 12.Nd3 h5 13.e3 Qd7 14.exd4 cxd4 15.f4 gxf4 
16.gxf4 Bg4 17.Qe1 f6 18.h4 Rg8 19.fxe5 fxe5 20.Bg5 Bxg5 21.hxg5 O-O-O 22.
Qh4 Rdf8 23.b4 Qe7 24.Rxf8+ Rxf8 25.c5 Kb8 26.b5 Nd8 27.Rc1 Nf7 28.c6 Rc8 
29.Bh3 Bxh3 30.Qxh3 Qxg5+ 31.Kh1 Qg4 32.Qxg4 hxg4 33.Rc5 bxc6 34.bxc6 Re8 
35.Rb5+ Kc8 36.Kg2 Rh8 37.Nxe5 Rh5 38.Nxf7 Rxb5 39.Nd6+ Kc7 40.Nxb5+ Kxc6 
41.Nxd4+ Kd6 42.Nf5+ Ke5 43.Ng3 a6 44.Kf2 Kf4 45.Kg2 Ke5 46.Kf1 a5 47.a4 
Kd4 48.Kf2 Kc4 49.Ne2 Kb4 50.Kg3 Kxa4 51.Kxg4 Kb5 52.Kf5 Kc6 53.Kf6 Kd7 
54.e5 Ke8 55.Nc3 Kf8 56.e6 Ke8 57.e7 1-0

[Event "XII Open A"]
[Site "Verona ITA"]
[Date "2006.01.07"]
[Round "7"]
[White "Gallo, Enrico"]
[Black "Capitelli, Paolo"]
[Result "0-1"]
[WhiteElo "2103"]
[BlackElo "2158"]
[PlyCount "100"]
[EventDate "2006.01.02"]

1.e4 c5 2.Nc3 Nc6 3.g3 d6 4.Bg2 g6 5.d3 Bg7 6.Be3 e6 7.Qd2 Nd4 8.Nd1 Ne7 
9.c3 Ndc6 10.f4 f5 11.Nf3 O-O 12.O-O b6 13.Nf2 Bb7 14.d4 cxd4 15.Nxd4 Nxd4
16.Bxd4 e5 17.Be3 d5 18.exf5 Nxf5 19.fxe5 Bxe5 20.Bg5 Qd7 21.Rae1 Rae8 22.
Ng4 Bg7 23.Rxe8 Rxe8 24.Bf6 h5 25.Bxg7 Kxg7 26.Rxf5 Qxf5 27.Qd4+ Kf8 28.
Ne3 Qe5 29.Kf2 Qxd4 30.cxd4 Rc8 31.Kf3 Ke7 32.Kf4 Kf6 33.Bxd5 g5+ 34.Kf3 
Bxd5+ 35.Nxd5+ Ke6 36.Nc3 Rf8+ 37.Ke3 Kf5 38.h3 g4 39.h4 Ke6 40.Ne2 Rf3+ 
41.Ke4 Kd6 42.b3 b5 43.b4 a6 44.Nf4 Rxg3 45.Nxh5 Ra3 46.Kf4 Rxa2 47.Kxg4 
Rd2 48.Nf4 Rxd4 49.Kf3 Rxb4 50.h5 Rxf4+ 0-1

[Event "XII Open A"]
[Site "Verona ITA"]
[Date "2006.01.07"]
[Round "7"]
[White "Godena, Michele"]
[Black "Mrdja, Milan"]
[Result "0-1"]
[WhiteElo "2505"]
[BlackElo "2332"]
[PlyCount "42"]
[EventDate "2006.01.02"]

1.e4 d6 2.d4 Nf6 3.Nc3 g6 4.Nf3 Bg7 5.Be2 O-O 6.O-O Na6 7.Re1 Nd7 8.Bg5 c6
9.Bxa6 bxa6 10.e5 d5 11.Na4 Qa5 12.b3 Re8 13.e6 fxe6 14.Rxe6 Nf8 15.Rxe7 
Bg4 16.Qe1 Qxe1+ 17.Raxe1 Rxe7 18.Rxe7 Ne6 19.h3 Bf5 20.Be3 Bf8 21.Rxe6 
Bxe6 0-1

[Event "XII Open A"]
[Site "Verona ITA"]
[Date "2006.01.07"]
[Round "7"]
[White "Guido, Flavio"]
[Black "Dvirnyy, Danyyil"]
[Result "1/2-1/2"]
[WhiteElo "2305"]
[BlackElo "2265"]
[PlyCount "110"]
[EventDate "2006.01.02"]

1.e4 c5 2.c3 d6 3.d4 Nf6 4.Bd3 g6 5.dxc5 dxc5 6.e5 Nd5 7.Be4 Nc7 8.Qxd8+ 
Kxd8 9.Be3 Ne6 10.Na3 Nc6 11.Bxc6 bxc6 12.Nc4 Rb8 13.O-O-O+ Kc7 14.Nd2 Bg7
15.f4 Rd8 16.Ngf3 Rd3 17.Rhe1 Rxe3 18.Rxe3 Nxf4 19.g3 Nd5 20.Re4 Bf5 21.
Ra4 Bh6 22.g4 Nxc3 23.Rxa7+ Kb6 24.gxf5 Ne2+ 25.Kc2 Kxa7 26.fxg6 hxg6 27.
Ne4 Nd4+ 28.Nxd4 cxd4 29.Rxd4 Rb5 30.Rd7+ Rb7 31.e6 fxe6 32.Rxb7+ Kxb7 33.
Kd3 Kb6 34.Kc4 Be3 35.b4 e5 36.a4 Bd4 37.h3 Be3 38.Kd3 Bd4 39.Nd2 Kb7 40.
Nf3 Bb2 41.Nh4 e4+ 42.Kxe4 g5 43.Nf3 Bc3 44.b5 cxb5 45.axb5 Kb6 46.Nxg5 
Be1 47.Nf3 Bf2 48.Nd4 Kc5 49.Nf5 Kxb5 50.Nxe7 Kc5 51.Nf5 Kc6 52.Kf3 Be1 
53.Ng3 Kd6 54.h4 Bxg3 55.Kxg3 Ke6 1/2-1/2

[Event "XII Open A"]
[Site "Verona ITA"]
[Date "2006.01.07"]
[Round "7"]
[White "Miatello, Alberto"]
[Black "Danieli, Enrico"]
[Result "1-0"]
[WhiteElo "2077"]
[BlackElo "2164"]
[PlyCount "73"]
[EventDate "2006.01.02"]

1.e4 d5 2.exd5 Nf6 3.d4 Bg4 4.Be2 Bxe2 5.Qxe2 Qxd5 6.Nf3 e6 7.Nc3 Bb4 8.
O-O Bxc3 9.bxc3 O-O 10.c4 Qe4 11.Be3 Nc6 12.Rab1 Rfd8 13.Rfd1 b6 14.Ng5 
Qg6 15.Nh3 h6 16.Nf4 Qe4 17.f3 Qh7 18.d5 exd5 19.cxd5 Na5 20.c4 Re8 21.Rb4
Qf5 22.Qd2 g5 23.Nd3 Re7 24.Bd4 Rae8 25.Qc3 Nd7 26.Nf2 Re2 27.Ne4 R8xe4 
28.fxe4 Qxe4 29.Bf2 Nc5 30.d6 Qf4 31.Bxc5 cxd6 32.Rxd6 Nc6 33.Rxc6 bxc5 
34.Rc8+ Kh7 35.Qd3+ Re4 36.Rb1 Qf5 37.Rf1 1-0

[Event "XII Open A"]
[Site "Verona ITA"]
[Date "2006.01.07"]
[Round "7"]
[White "Opacic, Alexandar"]
[Black "Bertani, Gianfranco"]
[Result "0-1"]
[WhiteElo "2104"]
[BlackElo "2116"]
[PlyCount "31"]
[EventDate "2006.01.02"]

1.e4 c5 2.Nf3 d6 3.d4 cxd4 4.Nxd4 Nf6 5.Nc3 g6 6.Be3 Bg7 7.Qd2 Nc6 8.h3 
O-O 9.O-O-O Nxd4 10.Bxd4 Be6 11.f4 Qa5 12.Kb1 Nxe4 13.Qe3 Nxc3+ 14.Bxc3 
Bxc3 15.bxc3 Qa3 16.Qc1 0-1

[Event "XII Open A"]
[Site "Verona ITA"]
[Date "2006.01.07"]
[Round "7"]
[White "Popa, Florin"]
[Black "Caruso, Augusto"]
[Result "0-1"]
[WhiteElo "2206"]
[BlackElo "2232"]
[PlyCount "60"]
[EventDate "2006.01.02"]

1.Nf3 c5 2.e4 e6 3.c3 Nc6 4.d4 cxd4 5.cxd4 d5 6.e5 Qb6 7.Nc3 Bd7 8.Be2 Nh6
9.Bxh6 gxh6 10.O-O Rc8 11.Na4 Qa5 12.Rc1 b6 13.a3 Ne7 14.Rxc8+ Nxc8 15.Nc3
Bxa3 16.Qd2 Bf8 17.Nh4 Ne7 18.b4 Qxb4 19.Rb1 Qa5 20.Qc1 Ng6 21.Nxg6 hxg6 
22.Ra1 Qb4 23.Rxa7 Be7 24.Nb5 Bxb5 25.Bxb5+ Qxb5 26.g3 Bd8 27.h4 h5 28.Qf4
O-O 29.g4 Qb4 30.Kh2 Qc4 0-1

[Event "XII Open A"]
[Site "Verona ITA"]
[Date "2006.01.07"]
[Round "7"]
[White "Rombaldoni, Axel"]
[Black "Vianello, Enrico"]
[Result "1-0"]
[WhiteElo "2123"]
[BlackElo "2087"]
[PlyCount "137"]
[EventDate "2006.01.02"]

1.e4 c5 2.Nf3 Nc6 3.d4 cxd4 4.Nxd4 Nf6 5.Nc3 e5 6.Ndb5 d6 7.Nd5 Nxd5 8.
exd5 Nb8 9.c4 Be7 10.Be2 a6 11.Nc3 O-O 12.O-O f5 13.f3 Nd7 14.Be3 Bg5 15.
Bf2 Qf6 16.Qc2 b6 17.b4 Qh6 18.Bd3 Bf4 19.g3 Bd2 20.Na4 Bxb4 21.Bxf5 b5 
22.Be6+ Kh8 23.Bxd7 Bxd7 24.Nb6 Rad8 25.Nxd7 Rxd7 26.cxb5 axb5 27.Rab1 Qd2
28.Qxd2 Bxd2 29.Rxb5 Rdf7 30.Rb2 Bc3 31.Rbb1 Rxf3 32.Bb6 Kg8 33.Bc7 Bd4+ 
34.Kg2 Rf2+ 35.Rxf2 Rxf2+ 36.Kh3 Rxa2 37.Bxd6 Ra5 38.Rb8+ Kf7 39.Rb7+ Kg6 
40.Bf8 Ra7 41.Rxa7 Bxa7 42.Kg4 e4 43.Bd6 Kf7 44.Kf4 e3 45.Kf3 g5 46.Bb4 
Bd4 47.Ke4 Bb6 48.Kf5 e2 49.Be1 h6 50.Kg4 Ke7 51.Kf3 Kd6 52.Ke4 Bc5 53.g4 
Ba3 54.Kd4 Bb2+ 55.Ke4 Bc1 56.Bb4+ Kd7 57.Kd3 Ba3 58.Be1 Kd6 59.Ke4 Bc1 
60.h3 Kc5 61.Ke5 Bf4+ 62.Ke6 Kd4 63.d6 Bxd6 64.Kxd6 Ke4 65.Ke6 Kf3 66.Kf5 
Kg2 67.Kg6 Kxh3 68.Kh5 Kg2 69.Kxh6 1-0

[Event "XII Open A"]
[Site "Verona ITA"]
[Date "2006.01.07"]
[Round "7"]
[White "Rombaldoni, Denis"]
[Black "Arlandi, Ennio"]
[Result "1-0"]
[WhiteElo "2292"]
[BlackElo "2458"]
[PlyCount "87"]
[EventDate "2006.01.02"]

1.d4 Nf6 2.c4 g6 3.Nf3 Bg7 4.Nc3 d5 5.Bg5 Ne4 6.cxd5 Nxg5 7.Nxg5 e6 8.Nf3 
exd5 9.e3 O-O 10.b4 c6 11.Be2 Be6 12.O-O Nd7 13.Na4 b5 14.Nb2 Qe7 15.Nd3 
Bf5 16.Qb3 Bxd3 17.Bxd3 Nb6 18.Rfc1 Rfc8 19.Rc5 Bf8 20.Ne5 f6 21.Nxc6 Qe6 
22.e4 Bxc5 23.bxc5 Qxc6 24.Bxb5 Qe6 25.cxb6 Qxb6 26.Qxd5+ Kh8 27.Rd1 Rab8 
28.Bf1 Rc2 29.h3 Kg7 30.Bd3 Rb2 31.Bc4 Rd8 32.Qf7+ Kh6 33.Bb3 Rxd4 34.Qf8+
Kh5 35.Rf1 Rdd2 36.Qc8 Kh6 37.Qf8+ Kg5 38.h4+ Kf4 39.Qa3 Kg4 40.Bd1+ Rxd1 
41.Qf3+ Kxh4 42.g3+ Kh3 43.Rxd1 h5 44.Re1 1-0

[Event "XII Open A"]
[Site "Verona ITA"]
[Date "2006.01.07"]
[Round "7"]
[White "Stojanovic, Mihajlo"]
[Black "Borgo, Giulio"]
[Result "1/2-1/2"]
[WhiteElo "2532"]
[BlackElo "2418"]
[PlyCount "73"]
[EventDate "2006.01.02"]

1.d4 d5 2.c4 e6 3.Nc3 c6 4.Qb3 dxc4 5.Qxc4 b5 6.Qd3 Bb7 7.Nf3 Nd7 8.e4 b4 
9.Na4 Ngf6 10.Bg5 Qa5 11.b3 c5 12.Bxf6 gxf6 13.d5 c4 14.Qe3 Rc8 15.Rd1 c3 
16.Nd4 h5 17.dxe6 fxe6 18.Bb5 Bh6 19.Bxd7+ Kxd7 20.Nf5+ Ke8 21.Nxh6 c2 22.
Rc1 Qg5 23.Qxg5 fxg5 24.f3 Rxh6 25.Kd2 g4 26.Rxc2 Rxc2+ 27.Kxc2 gxf3 28.
gxf3 Rf6 29.Nc5 Bc6 30.Rf1 e5 31.Rf2 Bb5 32.Kb2 Rc6 33.Rc2 Rf6 34.Rf2 Rc6 
35.Rc2 Rf6 36.Rf2 Rc6 37.Rc2 1/2-1/2

[Event "XII Open A"]
[Site "Verona ITA"]
[Date "2006.01.08"]
[Round "8"]
[White "Arlandi, Ennio"]
[Black "Calzetta Ruiz, Monica"]
[Result "1-0"]
[WhiteElo "2458"]
[BlackElo "2314"]
[PlyCount "77"]
[EventDate "2006.01.02"]

1.d4 Nf6 2.c4 c5 3.d5 b5 4.cxb5 a6 5.bxa6 g6 6.Nc3 Bxa6 7.Nf3 d6 8.g3 Bg7 
9.Bg2 Nbd7 10.Rb1 Qa5 11.O-O O-O 12.Bd2 Rfb8 13.a4 Qd8 14.b3 Ra7 15.Qc2 
Rab7 16.Rfc1 Ng4 17.Be1 c4 18.bxc4 Bxc4 19.Rxb7 Rxb7 20.Qe4 Nge5 21.Nxe5 
Nxe5 22.Nd1 f5 23.Qe3 Rb3 24.Qd2 Qb6 25.Kf1 Qa6 26.a5 Ng4 27.Qc2 Bxe2+ 28.
Kg1 Bxd1 29.Qxd1 Rb2 30.Qa4 Kf7 31.Qd7 Qe2 32.Bf1 Qe4 33.h3 Nf6 34.Qe6+ 
Qxe6 35.dxe6+ Kxe6 36.a6 d5 37.a7 Ra2 38.Rc6+ Kd7 39.Ra6 1-0

[Event "XII Open A"]
[Site "Verona ITA"]
[Date "2006.01.08"]
[Round "8"]
[White "Astengo, Corrado"]
[Black "Kafka, Graeme"]
[Result "1/2-1/2"]
[WhiteElo "2121"]
[BlackElo "2135"]
[PlyCount "45"]
[EventDate "2006.01.02"]

1.e4 c5 2.Nf3 d6 3.d4 cxd4 4.Nxd4 Nf6 5.Nc3 g6 6.Bc4 Bg7 7.O-O O-O 8.Re1 
Nc6 9.Bb3 Bd7 10.Bg5 Qa5 11.Nxc6 Bxc6 12.Qd2 Rfe8 13.Rad1 b5 14.Bxf6 Bxf6 
15.Nd5 Qxd2 16.Nxf6+ exf6 17.Rxd2 Bxe4 18.f3 Bf5 19.Rxe8+ Rxe8 20.Rxd6 
Re1+ 21.Kf2 Rb1 22.Rxf6 Rxb2 23.Rd6 1/2-1/2

[Event "XII Open A"]
[Site "Verona ITA"]
[Date "2006.01.08"]
[Round "8"]
[White "Barberi, Alessandro"]
[Black "Naumkin, Igor"]
[Result "0-1"]
[WhiteElo "2113"]
[BlackElo "2456"]
[PlyCount "66"]
[EventDate "2006.01.02"]

1.d4 e6 2.c4 f5 3.g3 Nf6 4.Bg2 Bb4+ 5.Bd2 Bxd2+ 6.Qxd2 O-O 7.Nc3 d6 8.
O-O-O Nc6 9.e4 e5 10.d5 Nd4 11.Nge2 Nxe2+ 12.Qxe2 a6 13.h3 b5 14.exf5 Bxf5
15.g4 Bg6 16.h4 bxc4 17.Qxc4 Nd7 18.Be4 Qf6 19.f3 Nc5 20.Rdf1 Rab8 21.h5 
Qf4+ 22.Kc2 Bxe4+ 23.Nxe4 Nxe4 24.Qxe4 Rxb2+ 25.Kxb2 Qd2+ 26.Ka3 Rb8 27.
Rb1 Qa5+ 28.Qa4 Qc5+ 29.Rb4 a5 30.Rb1 axb4+ 31.Rxb4 Qc3+ 32.Qb3 Ra8+ 33.
Ra4 Qc1+ 0-1

[Event "XII Open A"]
[Site "Verona ITA"]
[Date "2006.01.08"]
[Round "8"]
[White "Bertani, Gianfranco"]
[Black "Rombaldoni, Axel"]
[Result "1/2-1/2"]
[WhiteElo "2116"]
[BlackElo "2123"]
[PlyCount "84"]
[EventDate "2006.01.02"]

1.Nf3 d5 2.b3 Nf6 3.Bb2 Bg4 4.e3 e6 5.Be2 Bd6 6.Ne5 Bxe2 7.Qxe2 O-O 8.f4 
c5 9.O-O Nc6 10.Nxc6 bxc6 11.d3 Re8 12.e4 e5 13.f5 c4 14.g4 h6 15.Kh1 cxd3
16.cxd3 a5 17.Rc1 a4 18.Rxc6 axb3 19.a3 dxe4 20.dxe4 Rc8 21.Rxc8 Qxc8 22.
Nc3 Qa8 23.h4 h5 24.gxh5 Bc5 25.Qg2 Nxh5 26.Nd5 Qa4 27.Re1 Rd8 28.Qg5 Rxd5
29.exd5 Bf2 30.Rxe5 f6 31.Qxh5 fxe5 32.Qf3 Bxh4 33.d6 Qb5 34.d7 Qxd7 35.
Qxb3+ Kh7 36.Bxe5 Qxf5 37.Bb8 Bf2 38.Kg2 Bc5 39.Bg3 Qe4+ 40.Kh3 Qh1+ 41.
Kg4 Qe4+ 42.Kh3 Qh1+ 1/2-1/2

[Event "XII Open A"]
[Site "Verona ITA"]
[Date "2006.01.08"]
[Round "8"]
[White "Borgo, Giulio"]
[Black "Rotstein, Arkadij"]
[Result "1/2-1/2"]
[WhiteElo "2418"]
[BlackElo "2520"]
[PlyCount "97"]
[EventDate "2006.01.02"]

1.e4 c5 2.Nf3 e6 3.c4 a6 4.Nc3 Qc7 5.Be2 b6 6.O-O Bb7 7.d4 cxd4 8.Nxd4 Nf6
9.Qd3 d6 10.f4 Nbd7 11.f5 Nc5 12.Qe3 e5 13.Nd5 Qd8 14.Nxf6+ gxf6 15.Nb3 
Nxb3 16.Qxb3 Bxe4 17.Be3 Qc8 18.Bf3 Bxf3 19.Rxf3 Qc6 20.Qxb6 Qxb6 21.Bxb6 
Rb8 22.Rb3 Bh6 23.Kf2 Kd7 24.Rd1 Kc6 25.Ba7 Rxb3 26.axb3 Ra8 27.Be3 Bxe3+ 
28.Kxe3 Rb8 29.Rd3 a5 30.Kd2 a4 31.Kc2 axb3+ 32.Rxb3 Rg8 33.g3 Rg4 34.Kc3 
Rg5 35.Rb8 Rxf5 36.Rf8 Rf3+ 37.Kb4 Rf2 38.b3 Rxh2 39.Rxf7 Rh6 40.g4 d5 41.
Ra7 dxc4 42.bxc4 Rg6 43.Ra6+ Kb7 44.Re6 Kc7 45.Kc5 f5 46.Rxe5 fxg4 47.Re7+
Kd8 48.Rxh7 g3 49.Rh1 1/2-1/2

[Event "XII Open A"]
[Site "Verona ITA"]
[Date "2006.01.08"]
[Round "8"]
[White "Capitelli, Paolo"]
[Black "Popa, Florin"]
[Result "1/2-1/2"]
[WhiteElo "2158"]
[BlackElo "2206"]
[PlyCount "76"]
[EventDate "2006.01.02"]

1.e4 e5 2.Nf3 Nc6 3.Bc4 Nf6 4.d3 h6 5.c3 d6 6.Nbd2 g6 7.Qe2 Bg7 8.Bb3 O-O 
9.Nf1 d5 10.Ng3 Be6 11.O-O a5 12.Ba4 Nd7 13.Be3 Kh7 14.Bxc6 bxc6 15.d4 
dxe4 16.Nxe5 Nxe5 17.dxe5 Bxe5 18.Bc5 Re8 19.Qxe4 Bd5 20.Qc2 Qh4 21.f3 
Bxg3 22.hxg3 Qxg3 23.c4 Be6 24.b3 Bf5 25.Qc3 Re6 26.Bf2 Qg5 27.Rfe1 Bh3 
28.g3 Rae8 29.Rxe6 Rxe6 30.Re1 Rxe1+ 31.Bxe1 h5 32.Kh2 Bf5 33.Qxa5 Qc1 34.
Bc3 Qc2+ 35.Kg1 Qd1+ 36.Kf2 Qc2+ 37.Ke3 Qc1+ 38.Kf2 Qc2+ 1/2-1/2

[Event "XII Open A"]
[Site "Verona ITA"]
[Date "2006.01.08"]
[Round "8"]
[White "Caruso, Augusto"]
[Black "Estremera Panos, Sergio"]
[Result "1/2-1/2"]
[WhiteElo "2232"]
[BlackElo "2361"]
[PlyCount "113"]
[EventDate "2006.01.02"]

1.Nc3 c5 2.Nf3 Nc6 3.d4 cxd4 4.Nxd4 Nf6 5.Bg5 Qb6 6.e3 a6 7.Qd2 e6 8.a3 
Qxb2 9.Ra2 Qb6 10.Bxf6 gxf6 11.Be2 Bg7 12.O-O Nxd4 13.exd4 f5 14.Rd1 O-O 
15.a4 Qa5 16.Qe3 b6 17.Rd3 Ra7 18.Qf4 Qb4 19.Rg3 f6 20.Ra1 d5 21.Rb1 Qe7 
22.Rxb6 Rc7 23.a5 Rd8 24.Qd2 Qa3 25.Nb1 Qa2 26.Bd1 Rb7 27.Ra3 Qc4 28.Rc3 
Rxb6 29.Rxc4 Rxb1 30.Rc7 Bh6 31.f4 e5 32.dxe5 fxe5 33.g3 d4 34.Kg2 Be6 35.
Be2 Bd5+ 36.Kh3 Rg1 37.Qb4 Bf8 38.Qb6 Rd6 39.Bxa6 Rxb6 40.axb6 Rb1 41.b7 
Rb6 42.g4 Rh6+ 43.Kg3 exf4+ 44.Kf2 Rb6 45.gxf5 Bd6 46.Rd7 Rxa6 47.Rxd6 
Bxb7 48.Rd8+ Kf7 49.Rd7+ Kf6 50.Rxb7 Kxf5 51.Rxh7 Rc6 52.Rf7+ Ke5 53.Re7+ 
Kf6 54.Re4 Rxc2+ 55.Kf3 Rxh2 56.Rxd4 Rh3+ 57.Kxf4 1/2-1/2

[Event "XII Open A"]
[Site "Verona ITA"]
[Date "2006.01.08"]
[Round "8"]
[White "Danieli, Enrico"]
[Black "Gallo, Enrico"]
[Result "1-0"]
[WhiteElo "2164"]
[BlackElo "2103"]
[PlyCount "123"]
[EventDate "2006.01.02"]

1.d4 d5 2.Nf3 Nf6 3.e3 g6 4.c4 c6 5.cxd5 cxd5 6.Nc3 Bg7 7.Bd3 O-O 8.O-O 
Nc6 9.a3 Bg4 10.Be2 e6 11.h3 Bxf3 12.Bxf3 Nd7 13.Bd2 f5 14.Rc1 a6 15.Na2 
Rf7 16.Nb4 Nxb4 17.Bxb4 Qb6 18.Qd2 f4 19.Ba5 fxe3 20.fxe3 Qd6 21.Qb4 Bf8 
22.Qxd6 Bxd6 23.Bc7 Bxc7 24.Rxc7 Nb6 25.Rxf7 Kxf7 26.Bxd5+ Ke7 27.Bxb7 Rb8
28.Bxa6 Nd5 29.b4 Nxe3 30.Rc1 Kd6 31.b5 Nf5 32.Rc6+ Kd5 33.Rc7 Nxd4 34.a4 
e5 35.Bb7+ Kd6 36.Rxh7 Ne2+ 37.Kf2 Nc3 38.Rg7 Kc5 39.Bc6 Nxa4 40.Rxg6 Nc3 
41.Ke3 Rf8 42.Re6 e4 43.Bxe4 Nxb5 44.Re5+ Kb4 45.h4 Nd6 46.Rd5 Nc4+ 47.Ke2
Rf4 48.Bd3 Rxh4 49.Bxc4 Kxc4 50.Rd7 Rf4 51.Ke3 Rf1 52.g4 Kc5 53.Ke4 Kc6 
54.Rd2 Kc7 55.g5 Kc6 56.Ke5 Kc7 57.g6 Re1+ 58.Kf6 Rf1+ 59.Kg7 Rf3 60.Kg8 
Rf1 61.g7 Rf3 62.Rh2 1-0